Triple Top Ten - Asia + Oceania - Statistics

General Stats
  • This quiz has been taken 21 times
  • The average score is 25 of 30
Answer Stats
Answer % Correct
China
100%
China
100%
India
95%
India
95%
Indonesia
95%
Indonesia
95%
Japan
95%
Japan
95%
Pakistan
89%
Pakistan
89%
Australia
84%
Australia
84%
Bangladesh
84%
Iran
84%
Kazakhstan
84%
Mongolia
84%
Phillippines
84%
Russia
84%
Russia
84%
Saudi Arabia
84%
Saudi Arabia
84%
Singapore
74%
Turkey
74%
Vietnam
74%
Qatar
68%
Bahrain
63%
Kuwait
63%
Oman
63%
UAE
63%
Brunei
58%
No matching quizzes found
Score Distribution
Percent of People with Each Score
Percentile by Number Answered
Your Score History
You have not taken this quiz